LEADER 00890nam0 2200265 4500 001 000029266 005 20121114134732.0 010 $a978-88-89976-01-2 100 $a20121114d2011----km-y0itay50------ba 101 0 $aita 102 $aIT 105 $ay-------001yy 200 1 $aElementi di statica$fBernardino D'Acunto, Paolo Massarotti 210 $aNapoli$cDe Frede$d2011 215 $aVI, 193 p.$cill.$d24 cm 500 10$aElementi di statica$940972 610 1 $aScienza delle costruzioni$aStrutture$aStatica 676 $a624.17$v21$9Ingegneria strutturale. Analisi e progettazione strutturale 700 1$aD'Acunto,$bBernardino$4070$0634229 701 1$aMassarotti,$bPaolo$4070$0333753 801 0$aIT$bUNIPARTHENOPE$c20121114$gRICA$2UNIMARC 912 $a000029266 951 $aP1 624-E/8$bda assegnare$cPIST$d2012 996 $aElementi di statica$940972 997 $aUNIPARTHENOPE LEADER 00875nam0 2200277 450 001 000024042 005 20090306111027.0 010 $a88-8114-594-4 100 $a20090306d1998----km-y0itay50------ba 101 0 $aita 102 $aIT 105 $ay-------001yy 200 1 $a<>ceti nobiliari europei nell'800$fLuigi Rossi 210 $aNapoli$cEdizioni scientifiche italiane$d1998 215 $a196 p.$d22 cm 225 2 $a<>identità di Clio$v16 410 0$12001$a<>identità di Clio 500 10$a<>ceti nobiliari europei nell'800$945169 610 1 $aNobiltà$aEuropa$aSec. 19. 676 $a305.5223094$v20 700 1$aRossi,$bLuigi$f<1948- >$4070$0307738 801 0$aIT$bUNIPARTHENOPE$c20090305$gRICA$2UNIMARC 912 $a000024042 951 $a040S/3$b8603$cNAVA2$d2009 996 $aCeti nobiliari europei nell'800$945169 997 $aUNIPARTHENOPE LEADER 00919nam0 2200301 450 001 000030959 005 20161222112432.0 010 $a88-14-14866-X 100 $a20160525d2009----km-y0itay50------ba 101 0 $aita 102 $aIT 105 $ay-------001yy 200 1 $a<>famiglia di fatto$fSaverio Asprea 205 $a2. ed. 210 $aMilano$cGiuffr?$dc2009 215 $aXXIII, 460 p.$d25 cm 225 2 $a<>diritto privato oggi 410 0$12001$a<>diritto privato oggi 461 0$1001000006322 500 10$a<>famiglia di fatto$9231122 610 1 $aFamiglia di fatto$aDiritto 676 $a346.45015$v22$9Diritto privato. Italia. Diritto di famiglia 700 1$aAsprea,$bSaverio$0149528 801 0$aIT$bUNIPARTHENOPE$c20160525$gRICA$2UNIMARC 912 $a000030959 951 $a346-F/10$b46035$cNAVA1$d2016 996 $aFamiglia di fatto$9231122 997 $aUNIPARTHENOPE